00714nam a2200241 a 4500001001300000003000900013005001700022008004100039020001000080082001900090100002400109245003600133260002400169300000800193500003500201505003600236650002400272700002400296902000800320942000700328952012000335999001700455nice12345678IN_TiNIC20260116013449.0050524s1994 raba grp 000 0 eng  ac10000a297.1228bKHA2 aKhan, Mohd Ferdouse aQuranic Principles of Education aRabatbIsescoc1994 a48p aincludes index and biblioraphy2 aThe case of the satanic verses. aQuran and Education1 aKhan, Mohd Ferdouse bSRS cBK 001040708StackRoom-aHMIbHMId2007-08-03g100.00l0o297.1228 KHA2p015613r2007-08-03v100.00w2005-05-24yBK c11082d11082